States with the most Indian-Americans, highest to lowest - Statistics

General Stats
  • This quiz has been taken 13 times
  • The average score is 15 of 51
Answer Stats
Number Answer % Correct
830,259 California
100%
187,236 Florida
90%
480,566 Texas
90%
387,376 New York
80%
165,895 Georgia
70%
260,055 Illinois
70%
415,342 New Jersey
70%
157,635 Virginia
70%
125,534 Massachusetts
50%
157,626 Pennsylvania
50%
122,245 Michigan
40%
99,105 Ohio
40%
140,817 Washington
40%
17,174 Alabama
30%
64,822 Arizona
30%
17,722 Delaware
30%
47,902 Indiana
30%
121,974 North Carolina
30%
857 Alaska
20%
34,400 Colorado
20%
60,634 Connecticut
20%
2,362 Hawaii
20%
14,748 Iowa
20%
19,832 Kansas
20%
18,154 Kentucky
20%
12,964 Louisiana
20%
2,276 Maine
20%
47,173 Minnesota
20%
14,005 Nevada
20%
5,807 New Mexico
20%
29,028 Oregon
20%
7,334 Rhode Island
20%
26,875 South Carolina
20%
40,151 Tennessee
20%
3,289 West Virginia
20%
14,443 Arkansas
10%
3,398 Idaho
10%
104,617 Maryland
10%
34,748 Missouri
10%
726 Montana
10%
9,107 Nebraska
10%
1,732 North Dakota
10%
1,523 South Dakota
10%
11,908 Utah
10%
9,149 Washington DC
10%
522 Wyoming
10%
6,807 Mississippi
0%
10,659 New Hamshire
0%
14,631 Oklahoma
0%
1,794 Vermont
0%
32,831 Wisconsin
0%
No matching quizzes found
Score Distribution
Percent of People with Each Score
Percentile by Number Answered
Your Score History
You have not taken this quiz